|
|
|
|
| LEADER |
00000nam0a2200000 4500 |
| 001 |
166937 |
| 005 |
20231031162623.0 |
| 010 |
|
|
|a 5030025314
|
| 020 |
|
|
|a RU
|b 91-10663
|
| 035 |
|
|
|a (RuTPU)RU\TPU\book\181071
|
| 090 |
|
|
|a 166937
|
| 100 |
|
|
|a 20091009d1990 m y0rusy5003 ca
|
| 101 |
0 |
|
|a rus
|
| 102 |
|
|
|a RU
|
| 105 |
|
|
|a y z 000zy
|
| 200 |
1 |
|
|a Подготовка текстов на ПЭВМ с помощью Word 5.0
|f А. Шумихин, А. Шабанов
|
| 210 |
|
|
|a Москва
|c Мир
|d 1990
|
| 215 |
|
|
|a 79 с.
|
| 610 |
1 |
|
|a текстовые процессоры
|
| 610 |
1 |
|
|a ПЭВМ
|
| 610 |
1 |
|
|a Word 5.0
|
| 610 |
1 |
|
|a текст
|
| 610 |
1 |
|
|a оформление
|
| 675 |
|
|
|a 681.3.069
|z rus
|
| 700 |
|
1 |
|a Шумихин
|b А. А.
|g Андрей Александрович
|4 070
|
| 701 |
|
1 |
|a Шабанов
|b А. П.
|g Андрей Петрович
|4 070
|
| 801 |
|
0 |
|a RU
|b RuMRKP
|c 19950417
|g psbo
|
| 801 |
|
1 |
|a RU
|b 63413507
|c 20091009
|
| 801 |
|
2 |
|a RU
|b 63413507
|c 20100811
|g RCR
|
| 942 |
|
|
|c BK
|